00346 a2200109 4500001001000000005001700010008004100027245006300068100002500131773006300156999001700219ART_1129020260410161856.0260409a 10aEl Sistema de Seguridad Social en la República Argentina1 aFrediani, Ramón O.0 tRevista de Economíag- Nº 28 (ene./dic. 1980)wREV11077 c25433d25433